| 000 | 00842nam a2200253 a 4500 | ||
|---|---|---|---|
| 003 | CO-ViMGA | ||
| 005 | 20230915234402.0 | ||
| 008 | 080729s2008 ck a jr 00010bspa d | ||
| 020 | _a9789583030673 | ||
| 040 |
_aCO-ViMGA _bspa _cCO-ViMGA |
||
| 090 | _aBOOb | ||
| 110 | 2 |
_aMacaw Books. _91322 |
|
| 245 | 1 | 0 |
_aBill Gates / _cMacaw Books. |
| 250 | _aEditora Diana López de Mesa. | ||
| 260 | 3 |
_aBogotá : _bPanamericana Editorial, _c2008. |
|
| 300 |
_a24 p. : _bil. ; _c20 cm. |
||
| 500 | _aGlosario : p. 24. | ||
| 534 |
_pTítulo original : _tA day with Bill Gates. |
||
| 600 | 1 | 4 |
_aGates, Bill, _d1955- _x Literatura infantil. _97290 |
| 650 | 1 | 4 |
_aIngenieros de sistemas _v Biografías _x Literatura infantil. _97291 |
| 650 | 1 | 4 |
_aLibros ilustrados para niños. _987 |
| 700 | 1 |
_aLópez de Mesa O., Diana, _eed. _91877 |
|
| 942 | _2ddc | ||
| 999 |
_c37704 _d37704 |
||